000 00738nam a2200289Ia 4500
005 20260324133214.0
008 008 260324s9999 xx 000 0 eng d
020 _a9780429479861
037 _aEBOOK
040 _aCRL
040 _beng
040 _cCRL
041 _2eng
041 _aeng
084 _qCRL
100 _aVigdis Wie Torsteinsson; Astri Johnsen; Rolf Sundet
_91192191
245 0 _aSelf in Relationships
245 0 _bPerspectives on Family Therapy from Developmental Psychology
260 _bTaylor and Francis
260 _c2003
365 _a
365 _b180
856 _uhttp://www.taylorfrancis.com/books/9780429479861
942 _cEBOOK
999 _c1791046
_d1791046